000 00923nam a2200217Ia 4500
003 Ost
005 20260507075350.0
008 260507s9999||||xx |||||||||||||| ||und||
020 _a91743799779
040 _cfsecg
041 _aara
082 _a330
100 _aخالد، هشام
_eمؤلف
245 0 _aجنسية الشركة :
_bدراسة مقارنة /
_c هشام خالد
260 _aالإسكندرية:
_bدار الفكر الجامعي,
_c2012
300 _a462 صفحة؛
_bإيضاحات ؛
_c24 سم
520 _aجنسية الشركة معايير ثبوتها- جنسية الشركة بين الإنكار والقبول- معايير ثبوت جنسية الشركة - جنسية الشركة في القانون المصري - معايير ثبوت الجنسية المصرية للشركة
653 _aالشركات
653 _aالشركات الدولية
942 _cكتاب
999 _c44133
_d44133